Narodnochozjajstvennaja effektivnost' pokazateli - metody - ocenki
Uložené v:
| Médium: | Kniha |
|---|---|
| Jazyk: | Russian |
| Vydavateľské údaje: |
Moskva
Ekonomika
1984
|
| Edícia: | Ekonomika i upravlenije
|
| Tagy: |
Žiadne tagy, Buďte prvý, kto otaguje tento záznam!
|
MARC
| LEADER | 00000nam a2200000 4500 | ||
|---|---|---|---|
| 001 | c113313 | ||
| 005 | 20150325105500.4 | ||
| 041 | 0 | |a rus | |
| 044 | |a RU | ||
| 245 | 1 | 0 | |a Narodnochozjajstvennaja effektivnost' |b pokazateli - metody - ocenki |
| 264 | 1 | |a Moskva |b Ekonomika |c 1984 | |
| 300 | |a 147 s. | ||
| 490 | 1 | |a Ekonomika i upravlenije | |
| 830 | 0 | |a Ekonomika i upravlenije | |